| 000 | 01044cam a22002771i 4500 | ||
|---|---|---|---|
| 003 | SA-RiAUC | ||
| 005 | 20250929112211.0 | ||
| 008 | 250924s1978 le g b 00000 ara c | ||
| 040 |
_aSA-RiAUC _bara _cSA-RiAUC _erda |
||
| 050 | 4 | _bK43 1978 | |
| 082 | 0 | 4 |
_a214.909 _qSA-RiAUC |
| 090 |
_a214.909 _bخ ل ي |
||
| 100 | 1 |
_aخليل، عماد الدين، _d1939- _eمؤلف. |
|
| 245 | 1 | 2 |
_aالتفسير الإسلامي للتاريخ / _cعماد الدين خليل. |
| 250 | _aالطبعة الثانية. | ||
| 264 | 1 |
_aبيروت : _bدار العلم للملايين، _c1978 |
|
| 264 | 3 |
_aبغداد : _bمطبعة أوفست الميناء |
|
| 300 |
_a327 صفحة ؛ _c24 سم |
||
| 336 |
_aنص _btxt _2rdacontent _3كتاب |
||
| 337 |
_aبدون وسيط _bn _2rdamedia |
||
| 338 |
_aمجلد _bnc _2rdacarrier |
||
| 504 | _aيشتمل على إرجاعات ببليوجرافية. | ||
| 650 | 7 |
_aالإسلام والتاريخ _2aucsh |
|
| 942 |
_2ddc _cBOOK _n0 |
||
| 949 |
_aSA-JeALM _d250924 _umohamedma123 _n1 |
||
| 999 |
_c12185 _d12185 |
||